000 00611nam a2200205Ia 4500
005 20250923145336.0
008 008 250917s9999 xx 000 0 eng d
037 _aTextual
040 _aDSWL
_beng
_cDSWL
041 _aeng
_2eng
084 _aYX;6-E8Xcl,d, N75
_qDSWL
100 _aTodd, Lord
_9834270
245 4 _aThe Future of Philanthropic foundation
_c by Lord Todd
260 _aAmsterdam
_bElsavier Scientific Pub. Co.
_c1975
300 _aviii,240p.
365 _aINR
_b127 . 98
925 _g127 . 98
942 _cTEXL
_hYX;6-E8Xcl,d, N75
999 _c1450218
_d1450218